• 首页
  • 本馆介绍
  • 公告通知
  • 最新文献
  • 馆藏检索
  • 电子资源
  • 读者导购
  • 参考咨询
  • 我的图书馆
  • 登录
  • 详细信息显示
  • 放入我的书架
  • 预约/预借图书
  • 作者相关作品
  • 分类相关作品
  • 丛书相关作品
  • 出版社相关作品

书目信息

  • 表格格式
  • 工作单格式
  • 卡片格式
题名:
跑者脑力训练手册
    
 
作者: 布朗 , 内伯伦特 著
分册:  
出版信息: 杭州   浙江人民出版社  2018
页数: 214页
开本: 26cm
丛书名:
单 册:
中图分类: G822.02 , G804.87-62
科图分类:
主题词: 跑--Pao--运动训练x体育心理学--手册
电子资源:
ISBN: 978-7-213-08979-4
000 01253nam0 2200265 450
001 012001003335
005 20131025163501.0
010    @a978-7-213-08979-4@dCNY59.90
099    @aCAL 012019024593
100    @a20181201d2018 em y0chiy50 ea
101 1  @achi@ceng
102    @aCN@b330000
105    @ay z 000yy
106    @ar
200 1  @a跑者脑力训练手册@APao Zhe Nao Li Xun Lian Shou Ce@f(美) 杰夫·布朗, 莉斯·内伯伦特著
210    @a杭州@c浙江人民出版社@d2018
215    @a214页@d26cm
330    @a作为一名跑者, 你最大的资产就是你的大脑, 但有时候你的大脑也是你最大的敌人。跑步重塑大脑, 大脑也会让你跑得更好。本书将为你解锁身体最神奇、有趣的器官--大脑的潜力, 将你的脑力与运动表现连接起来, 助益你的运动表现。本书以前沿的脑科学知识与运动心理学知识为基础, 书中提到的工具、策略都是作者杰夫·布朗在服务于波士顿马拉松等各大跑步赛事的实践过程中所应用的。从优秀跑者的6大思维策略, 到跑步中应对各种问题的思维方式, 作者还提供了跑者必备的脑力训练清单和计划。你还能看到8位最优秀跑者的脑力训练经验。
606 0  @a跑@APao@x运动训练x体育心理学@j手册
690    @aG822.02@v5
690    @aG804.87-62@v5
701  1 @a布朗@ABu Lang@4著
701  1 @a内伯伦特@ANei Bo Lun Te@4著
801  0 @aCN@b江苏凤凰@c20191020
905    @b1226604-7@dG822.02@e154@f4
    
    跑者脑力训练手册/(美) 杰夫·布朗, 莉斯·内伯伦特著.-杭州:浙江人民出版社,2018
    214页;26cm
    
    
    ISBN 978-7-213-08979-4:CNY59.90
    作为一名跑者, 你最大的资产就是你的大脑, 但有时候你的大脑也是你最大的敌人。跑步重塑大脑, 大脑也会让你跑得更好。本书将为你解锁身体最神奇、有趣的器官--大脑的潜力, 将你的脑力与运动表现连接起来, 助益你的运动表现。本书以前沿的脑科学知识与运动心理学知识为基础, 书中提到的工具、策略都是作者杰夫·布朗在服务于波士顿马拉松等各大跑步赛事的实践过程中所应用的。从优秀跑者的6大思维策略, 到跑步中应对各种问题的思维方式, 作者还提供了跑者必备的脑力训练清单和计划。你还能看到8位最优秀跑者的脑力训练经验。
●
相关链接 在E读中查询图书 在五车中查询图书 在当当中查询图书 在豆瓣中查询图书


正题名:跑者脑力训练手册     索取号:G822.02/154         预约/预借

序号 登录号 条形码 馆藏地/架位号 状态 备注
1 1226604   212266046   第一样本阅览室/ [索取号:G822.02/154] 在馆    
2 1226605   212266055   教育系资料室/ [索取号:G822.02/154] 在馆    
3 1226606   212266064   教育系资料室/ [索取号:G822.02/154] 在馆    
4 1226607   212266073   第四借阅区/ [索取号:G822.02/154] 在馆    
唐山师范学院图书馆 欢迎您!
大连网信软件有限公司© 版权所有